000 00856nam a2200229 a 4500
001 000015675
005 20200929164119.0
008 100217s2003 ch bd 000 0 spa d
020 _a8483108615
040 _aDO-SdBNP
_bspa
_cBNPHU
100 1 _aBeckett, Andy
_935331
240 1 0 _aPinochec in Piccadilly.Britain and Chil is hilden history
_lespañol
245 1 3 _aPinochec en Piccadilly :
_bla historia secreta de Chile y el Reino Unido /
_cAndy Beckett ; traducción de Victoria Ordóñez ; reseña de Guzmán Urrero Peña.
260 _aBarcelona :
_bEditorial Tus Quets,
_c2003.
300 _a321 p. ;
_c22 cm.
490 1 _aTiempo de Memoria Tus Quets
_v26
500 _aIncluye índice
700 1 _aUrrero Peña, Guzman
_935332
700 1 _aOrdoñez, Victoria
_etr.
_935333
830 0 _aTiempo de Memoria Tus Quets
_v26
_935334
049 _aBNPD
999 _c15227
_d15227